Au moins 3 participations à l'Election Présidentielle en France - Statistiques

Statistiques générales
  • Ce quiz a été pris 330 fois
  • Le résultat moyen est 7 sur 11
Statistiques - réponses
Réponse % Correct
Jacques Chirac
88%
François Mitterrand
87%
Marine Le Pen
87%
Jean-Marie Le Pen
85%
Jean-Luc Mélenchon
77%
Philippe Poutou
71%
Nathalie Arthaud
59%
Nicolas Dupont-Aignan
56%
Arlette Laguiller
50%
François Bayrou
43%
Jacques Cheminade
42%
Aucun quiz correspondant
Distribution des résultats
% des personnes avec chaque résultat
Percentile par nombre de réponses
Votre historique - résultats
Vous n’avez pas pris ce quiz